| 000 | 00494nam a22002051a 4500 | ||
|---|---|---|---|
| 001 | 6074 | ||
| 003 | OSt | ||
| 005 | 20260204212039.0 | ||
| 008 | 060304s1998||||sp ||||||b||||||||||spa|| | ||
| 020 | _a8401490073 | ||
| 050 | _a910 B455s | ||
| 100 | _aBerlitz, Charles | ||
| 245 | _aEl triángulo de las Bermudas / Charles Berlitz | ||
| 250 | _a11 | ||
| 264 | _aBarcelona : Plaza y Janes | ||
| 300 | _a253 p | ||
| 500 | _aIncluye bibliografía | ||
| 650 | _a1.GeografíaÌ | ||
| 942 |
_2ddc _cBK |
||
| 999 |
_c6074 _d6074 |
||